[Event "ROM-chT"]
[Site "Romania"]
[Date "1994.??.??"]
[Round "?"]
[White "Belc, Daniela"]
[Black "Negulescu, Sorina"]
[Result "1/2-1/2"]
[WhiteElo "2110"]
[BlackElo "2030"]
[PlyCount "50"]
[EventDate "1994.??.??"]
[EventType "team"]
[EventRounds "10"]
[EventCountry "ROU"]
[SourceTitle "EXT 1997"]
[Source "ChessBase"]
[SourceDate "1996.11.15"]
[SourceVersion "1"]
[SourceVersionDate "1996.11.15"]
[SourceQuality "1"]

1. d4 Nf6 2. Nf3 g6 3. c4 Bg7 4. Nc3 0-0 5. e4 d6 6. Be2 Nbd7 7. 0-0 e6 8. Be3 Ng4 9. Bg5 f6 10. Bc1 h5 11. h3 Nh6 12. Be3 c6 13. Qd2 Kh7 14. Rad1 Qe7 15. d5 c5 16. a3 Nf7 17. b4 Bh6 18. Bd3 Bxe3 19. Qxe3 Rg8 20. Ne2 a5 21. b5 Nb6 22. Ng3 Bd7 23. Qe2 Nh6 24. Rfe1 Be8 25. Nd2 Qg7 1/2-1/2

[Event "ROM-chT"]
[Site "Romania"]
[Date "1994.??.??"]
[Round "?"]
[White "Negulescu, Sorina"]
[Black "Cosma, Elena Luminita"]
[Result "0-1"]
[WhiteElo "2030"]
[BlackElo "2310"]
[PlyCount "71"]
[EventDate "1994.??.??"]
[EventType "team"]
[EventRounds "10"]
[EventCountry "ROU"]
[SourceTitle "EXT 1997"]
[Source "ChessBase"]
[SourceDate "1996.11.15"]
[SourceVersion "1"]
[SourceVersionDate "1996.11.15"]
[SourceQuality "1"]

1. e4 e6 2. d4 d5 3. Nd2 Nf6 4. e5 Nfd7 5. Bd3 c5 6. c3 Nc6 7. Ne2 cxd4 8. cxd4 f6 9. exf6 Qxf6 10. Nf3 Bd6 11. Nc3 h6 12. 0-0 0-0 13. a3 Rd8 14. Bc2 Nf8 15. b4 Bd7 16. Bb2 Be8 17. Ne2 Bh5 18. Ng3 Bxf3 19. gxf3 Ne7 20. Qd3 Neg6 21. Bc1 Rac8 22. Bd1 Nf4 23. Bxf4 Bxf4 24. Ne2 Bb8 25. Kh1 Qh4 26. f4 Bxf4 27. Nxf4 Qxf4 28. Rg1 Qe4+ 29. Qxe4 dxe4 30. Bb3 Rxd4 31. Rg2 Rc3 32. Rag1 g5 33. Bd1 Rxa3 34. Rg4 Ra1 35. Be2 Rxg1+ 36. Kxg1 0-1

[Event "ROM-chT"]
[Site "Romania"]
[Date "1994.??.??"]
[Round "?"]
[White "Negulescu, Sorina"]
[Black "Sheremetieva, Marina"]
[Result "0-1"]
[WhiteElo "2030"]
[BlackElo "2260"]
[PlyCount "80"]
[EventDate "1994.??.??"]
[EventType "team"]
[EventRounds "10"]
[EventCountry "ROU"]
[SourceTitle "EXT 1997"]
[Source "ChessBase"]
[SourceDate "1996.11.15"]
[SourceVersion "1"]
[SourceVersionDate "1996.11.15"]
[SourceQuality "1"]

1. e4 d6 2. d4 Nf6 3. Nc3 e5 4. Nf3 Nbd7 5. dxe5 dxe5 6. Bc4 Be7 7. 0-0 c6 8. a4 0-0 9. h3 Qc7 10. Be3 Nc5 11. Nd2 Ne6 12. Ne2 Rd8 13. Ng3 Nf4 14. c3 Bf8 15. Qc2 Bd7 16. a5 Be8 17. Rfd1 b5 18. axb6 axb6 19. Bf1 c5 20. Nf5 g6 21. Nh4 Bc6 22. f3 N6h5 23. g4 Rxa1 24. Rxa1 Bh6 25. Nc4 b5 26. Qf2 bxc4 27. gxh5 Qe7 28. hxg6 hxg6 29. Kh2 Nd3 30. Bxd3 Bxe3 31. Qxe3 cxd3 32. Nf5 Qf6 33. Nh6+ Kg7 34. Ng4 Qf4+ 35. Kg2 Rb8 36. Rb1 d2 37. Qxf4 exf4 38. Kf2 Ba4 39. Kf1 Bc2 40. Ra1 Rxb2 0-1